000 00790pam a2200265 a 4500
008
020 _a0393962237 (pbk.)
049 _aMAIN
090 _aQH308.2
_bKEE
100 1 _aKeeton, William T.
245 1 0 _aBiological science /
_cWilliam T. Keeton, James L. Gould, with Carol Grant Gould.
250 _a5th ed.
260 _aNew York :
_bW W Norton,
_cc1993.
300 _axxiv, 1194, A92 p. :
_bill. (some col.) ;
_c26 cm.
500 _aIncludes index.
504 _aIncludes bibliographical references.
650 0 _aBiology.
700 1 _aGould, James L.
700 1 _aGould, Carol Grant.
907 _a.b10366271
_b18-11-15
_c18-11-15
003
005 20230123122158.0
040 _cNUST
942 _cBOOKS
_kQH308.2
_mKEE
999 _c129174
_d129174